000 00789cab a2200241 4500
001 WB2945-21
008 090401t1993 xxu||||| |||| 00| 0 eng d
035 _a(Sirsi) u35486
041 _aeng
245 _aBBA first environmental assessment
260 _c1993
350 _a0
490 _aArchitects` Journal
_v21(198) 1 December 1993, 7(1)
520 _aBritish Board of Agrement (BBA) has awarded its first-ever environmental appraisal to partitioning manufacturer Clestra Huaserman.
650 _aCERTIFICATION
650 _aBUILT ENVIRONMENT-BUILDING MATERIALS
650 _aENVIRONMENTAL APPRAISAL
650 _aGREEN BUILDINGS
690 _aBUILT ENVIRONMENT-BUILDING MATERIALS
690 _aENVIRONMENTAL AND LAND CONSULTANCY
942 _n0
948 _c04/03/1997
999 _c23225
_d23225